| 000 | 00441nam a2200181Ia 4500 | ||
|---|---|---|---|
| 003 | OSt | ||
| 005 | 20220702104837.0 | ||
| 008 | 210210b1925 xxu||||| |||| 00| 0 eng d | ||
| 040 | _cAL | ||
| 041 | _aeng | ||
| 082 | _a330/316 | ||
| 100 |
_aPENSON (T H) _946702 |
||
| 245 | _aEconomics of everyday life Part II | ||
| 260 |
_aCambridge _bAt the University Press _c1925 |
||
| 690 |
_aEconomics _946703 |
||
| 906 | _a003719 | ||
| 942 |
_2ddc _cBK |
||
| 999 |
_c120464 _d120464 |
||